| 000 | 00835nam a2200253 a 4500 | ||
|---|---|---|---|
| 999 |
_c16 _d16 |
||
| 003 | OSt | ||
| 005 | 20190724085658.0 | ||
| 008 | 050718s2005 enk j eng | ||
| 020 | _a9781408855706 | ||
| 040 |
_aCaNSH _beng _dCaOL _cKH8 |
||
| 082 | _aFIC ROW | ||
| 100 | 1 | _aRowling, J. K. | |
| 245 | 1 | 0 |
_aHarry Potter and the half-blood prince / _cJ. K. Rowling. |
| 246 | 1 | 0 | _aHalf-blood prince. |
| 260 |
_aLondon : _bBloomsbury; _aVancouver : _bRaincoast Books, _c2005. |
||
| 300 |
_a607 p. _c20 cm. |
||
| 490 | 1 |
_aThe Harry Potter series _v6. |
|
| 500 | _aPublished in Great Britain by Bloomsbury Publishing in 2014 with different map illustration (ISBN 9780747581086) | ||
| 650 | 0 |
_aWizards _vFiction. |
|
| 650 | 0 |
_aBoarding schools _vFiction. |
|
| 655 | 0 | _aFantasy fiction. | |
| 830 | 0 |
_aHarry Potter series ; _v6. |
|
| 942 |
_2ddc _cFIC |
||